000 00539nam a2200193Ia 4500
003 OSt
005 20240405110839.0
008 210210b xxu||||| |||| 00| 0 eng d
040 _cAL
041 _aKannada
082 _a856/119
100 _aSHIVARAMA KARANTA ಶಿವರಾಮ್ ಕಾರಂತ
_993590
245 _aBalaprapancha 1
_bಬಾಲ ಪ್ರಪಂಚ ೧
260 _aBengaluru
_bSatyashodhana Prakatana Mandira
440 _a1
_993591
690 _aKannada Miscellaneous
_993592
906 _a020367
942 _2ddc
_cBK
999 _c144516
_d144516